[Event "SV Letmathe 1 - Klub K�lner SF 1"]
[Site "Oberliga NRW 2021/2022"]
[Date "2022.04.10"]
[Round "8.6"]
[White "Heeke, Guido"]
[Black "Wisskirchen, Andreas"]
[Result "0-1"]
[WhiteElo "1857"]
[BlackElo "2187"]
[PlyCount "102"]
[EventDate "2022.??.??"]
[SourceVersionDate "2020.03.16"]
[WhiteTeam "SV Letmathe 1"]
[BlackTeam "Klub K�lner SF 1"]

1. c4 Nf6 2. Nc3 g6 3. g3 Bg7 4. Bg2 O-O 5. Nf3 d6 6. d4 Nbd7 7. O-O e5 8. dxe5
dxe5 9. Qc2 Re8 10. e4 c6 11. h3 Qc7 12. Be3 Bf8 13. a3 a5 14. Na4 b6 15. Rfe1
Nc5 16. Nxc5 Bxc5 17. Rac1 Nd7 18. Bxc5 Nxc5 19. b4 {(=)} axb4 20. axb4 Ne6 21.
Qc3 f6 22. Bf1 c5 23. b5 Bb7 24. Ra1 Rxa1 25. Qxa1 Ra8 26. Qb2 Qd6 27. Re3 Kg7
28. Rd3 Nd4 29. Nd2 f5 30. Re3 f4 31. gxf4 exf4 32. Rd3 Qe5 33. Qc3 Bxe4 34.
Nxe4 Qxe4 35. Bg2 Ra1+ 36. Kh2 Qe1 37. Qxe1 Rxe1 38. Bd5 Re2 39. Kg2 Ra2 40.
Rd1 Nf5 41. Kg1 Nh4 42. Be6 f3 43. Rd6 {(=)} g5 44. Bd5 Ra1+ 45. Kh2 Rf1 46.
Rd7+ Kg6 47. Kg3 Rg1+ 48. Kh2 Rg2+ 49. Kh1 Rxf2 50. Be4+ Kf6 51. Rd6+ Ke5 0-1

[Event "SV Letmathe 1 - Klub K�lner SF 1"]
[Site "Oberliga NRW 2021/2022"]
[Date "2022.04.10"]
[Round "8.7"]
[White "Schmidt, Martin"]
[Black "Atasoy, Tarik"]
[Result "1-0"]
[WhiteElo "2164"]
[BlackElo "1766"]
[PlyCount "55"]
[EventDate "2022.??.??"]
[SourceVersionDate "2020.03.16"]
[WhiteTeam "Klub K�lner SF 1"]
[BlackTeam "SV Letmathe 1"]

1. e4 c5 2. Nc3 d6 3. d4 cxd4 4. Qxd4 Nc6 5. Qd2 Nf6 6. b3 g6 7. Bb2 Bg7 8.
O-O-O O-O 9. f3 Qa5 10. Kb1 Be6 11. Nge2 b5 12. h4 b4 13. Nd5 Bxd5 14. exd5 Ne5
15. h5 Nxh5 16. Rxh5 gxh5 17. Ng3 f6 18. Nxh5 Nf7 19. Bd3 Bh6 20. f4 Ne5 21.
Bf5 Nf7 22. Qd3 Kh8 23. Bxh7 Rac8 24. Bg6 Rc5 25. Bxf7 Rxf7 26. Qg6 Rxd5 27.
Rh1 Rxh5 28. Rxh5 1-0

[Event "SV Letmathe 1 - Klub K�lner SF 1"]
[Site "Oberliga NRW 2021/2022"]
[Date "2022.04.10"]
[Round "8.8"]
[White "Demin, Wladimir"]
[Black "Graf, Peter"]
[Result "0-1"]
[WhiteElo "1731"]
[BlackElo "1959"]
[PlyCount "50"]
[EventDate "2022.??.??"]
[SourceVersionDate "2020.03.16"]
[WhiteTeam "SV Letmathe 1"]
[BlackTeam "Klub K�lner SF 1"]

1. d4 Nf6 2. c4 e6 3. Nc3 Bb4 4. a3 Bxc3+ 5. bxc3 c5 6. Nf3 Nc6 7. d5 Na5 8. e3
O-O 9. Bd3 d6 10. O-O b6 11. e4 e5 12. Bg5 Ba6 13. Nd2 h6 14. Bh4 g5 15. Bg3
Kg7 16. h4 Qd7 17. Qe2 Qg4 18. hxg5 hxg5 19. Qe3 Qh5 20. Be2 Qg6 21. f3 Nh5 22.
Bf2 Rh8 23. g3 Qh6 24. Rfd1 Nf4 25. Kf1 Qh3+ 0-1

[Event "SC Siegburg 1 - SV Letmathe 1"]
[Site "Oberliga NRW 2021/2022"]
[Date "2022.05.08"]
[Round "9.1"]
[White "Bosch, Jeroen"]
[Black "Baklan, Vladimir"]
[Result "1/2-1/2"]
[WhiteElo "2390"]
[BlackElo "2583"]
[PlyCount "32"]
[EventDate "2022.??.??"]
[SourceVersionDate "2020.03.16"]
[WhiteTeam "SV Letmathe 1"]
[BlackTeam "SC Siegburg 1"]

1. e4 e6 2. d4 d5 3. Nc3 Bb4 4. e5 Ne7 5. a3 Bxc3+ 6. bxc3 b6 7. Qg4 Ng6 8. h4
h5 9. Qg3 Ba6 10. Bxa6 Nxa6 11. Bg5 Qc8 12. Ne2 c5 13. Qf3 cxd4 14. cxd4 Qc4
15. O-O Rc8 16. c3 Ne7 1/2-1/2

[Event "SC Siegburg 1 - SV Letmathe 1"]
[Site "Oberliga NRW 2021/2022"]
[Date "2022.05.08"]
[Round "9.2"]
[White "Hoffmann, Michael"]
[Black "Soukup, Jiri"]
[Result "1-0"]
[WhiteElo "2430"]
[BlackElo "2354"]
[PlyCount "123"]
[EventDate "2022.??.??"]
[SourceVersionDate "2020.03.16"]
[WhiteTeam "SC Siegburg 1"]
[BlackTeam "SV Letmathe 1"]

1. c4 e5 2. Nc3 Nf6 3. Nf3 Nc6 4. e3 d5 5. cxd5 Nxd5 6. Bb5 Nxc3 7. bxc3 Bd6 8.
d4 exd4 9. cxd4 O-O 10. O-O Bg4 11. h3 Bh5 12. Bb2 Qe7 13. Be2 Bg6 14. Nd2 Qh4
15. Rc1 Rfd8 16. Nc4 Be7 17. Bf3 Be4 18. Nd2 Bxf3 19. Qxf3 Qf6 20. Qxf6 Bxf6
21. Ba3 Rac8 22. Rb1 b6 23. Rfc1 Ne7 24. Ne4 Nd5 25. Nxf6+ Nxf6 26. Be7 Rd5 27.
Bxf6 gxf6 28. Rc6 Kg7 29. Rbc1 Ra5 30. R1c2 Ra3 31. Kf1 b5 32. Ke2 b4 33. Kd2
a5 34. R6c4 Kg6 35. Kc1 b3 36. axb3 Rxb3 37. Rxc7 Rcb8 38. Ra7 R8b5 39. Kd2 Rb2
40. Rxb2 Rxb2+ 41. Ke1 Ra2 42. g4 a4 43. Kf1 h6 44. Kg2 a3 45. Kf3 Kg7 46. h4
Kf8 47. h5 Kg7 48. Ra8 Ra1 49. Kf4 Ra2 50. Ke4 Ra1 51. Kd5 a2 52. Kd6 f5 53.
gxf5 Kf6 54. Ra5 Kg5 55. Ke7 f6 56. f4+ Kxh5 57. Kxf6 Kg4 58. Kg6 Kf3 59. Kh7
Kxe3 60. f6 Rf1 61. Rxa2 Rxf4 62. Kg7 1-0

[Event "SC Siegburg 1 - SV Letmathe 1"]
[Site "Oberliga NRW 2021/2022"]
[Date "2022.05.08"]
[Round "9.3"]
[White "Schleining, Zoya"]
[Black "Roshka, Yevgeniy"]
[Result "0-1"]
[WhiteElo "2288"]
[BlackElo "2455"]
[PlyCount "94"]
[EventDate "2022.??.??"]
[SourceVersionDate "2020.03.16"]
[WhiteTeam "SV Letmathe 1"]
[BlackTeam "SC Siegburg 1"]

1. e4 e6 2. f4 d5 3. e5 c5 4. Nf3 Nc6 5. c3 Nh6 6. Na3 f6 7. Bb5 Qb6 8. exf6
gxf6 9. d4 Bd7 10. Qe2 c4 11. Bxc6 Qxc6 12. Nc2 O-O-O 13. O-O Be8 14. Nh4 Bg6
15. Nxg6 hxg6 16. b3 Kd7 17. bxc4 Qxc4 18. Qxc4 dxc4 19. Ne3 Nf7 20. a4 Rc8 21.
Re1 Rh5 22. a5 Rb5 23. Ra4 Rb3 24. Bd2 Nd6 25. d5 exd5 26. Nxd5 f5 27. Be3 Kc6
28. Rd1 Kb5 29. Ra2 Ne4 30. Bxa7 Bg7 31. Bb6 Bxc3 32. Nc7+ Kc6 33. Nd5 Bd4+ 34.
Bxd4 Kxd5 35. Be5+ Rd3 36. Raa1 Ra8 37. Rdb1 c3 38. h3 c2 39. Rc1 Rd2 40. Kh2
Kc4 41. Ra2 Kd3 42. Ra3+ Ke2 43. Bb2 Rc8 44. Rb3 Rc7 45. Rb6 Rd6 46. Rb5 Rd1
47. Rb6 Kd2 0-1

[Event "SC Siegburg 1 - SV Letmathe 1"]
[Site "Oberliga NRW 2021/2022"]
[Date "2022.05.08"]
[Round "9.4"]
[White "Zavgorodniy, Sergiy"]
[Black "Gruermann, Martin"]
[Result "1-0"]
[WhiteElo "2416"]
[BlackElo "2201"]
[PlyCount "71"]
[EventDate "2022.??.??"]
[SourceVersionDate "2020.03.16"]
[WhiteTeam "SC Siegburg 1"]
[BlackTeam "SV Letmathe 1"]

1. e4 Nf6 2. d3 c5 3. Nf3 Nc6 4. c3 g6 5. Be2 Bg7 6. O-O O-O 7. Re1 d5 8. Nbd2
b6 9. e5 Ne8 10. d4 cxd4 11. cxd4 Bf5 12. Nf1 f6 13. Qa4 Rc8 14. Ba6 Rc7 15.
exf6 Bxf6 16. Bh6 Bg7 17. Bxg7 Nxg7 18. Ne3 e6 19. Bb5 Ne7 20. Ne5 g5 21. Qb4
Nc8 22. Rac1 Ne7 23. Qd2 h6 24. Rxc7 Qxc7 25. Rc1 Qb7 26. Bd7 Rd8 27. Bc6 Nxc6
28. Nxc6 Rd7 29. b4 Rc7 30. b5 Bg6 31. Ng4 Nf5 32. h4 Nd6 33. Qe2 Ne4 34. f3 h5
35. Nge5 Ng3 36. Qe1 1-0

[Event "SC Siegburg 1 - SV Letmathe 1"]
[Site "Oberliga NRW 2021/2022"]
[Date "2022.05.08"]
[Round "9.5"]
[White "Pfleger, Sascha"]
[Black "Schmidt, Bodo"]
[Result "1/2-1/2"]
[WhiteElo "1960"]
[BlackElo "2241"]
[PlyCount "85"]
[EventDate "2022.??.??"]
[SourceVersionDate "2020.03.16"]
[WhiteTeam "SV Letmathe 1"]
[BlackTeam "SC Siegburg 1"]

1. c4 c6 2. Nc3 d5 3. cxd5 cxd5 4. Nf3 Nf6 5. d3 Nc6 6. g3 g6 7. Bg2 Bg7 8. O-O
O-O 9. Qb3 h6 10. e4 d4 11. Ne2 e5 12. Bd2 Qd6 13. Rac1 Nd7 14. Qd5 Qe7 15. Ne1
Nb6 16. Qc5 Qxc5 17. Rxc5 Be6 18. b3 Rfc8 19. h3 Bf8 20. Rc1 f6 21. f4 Nb4 22.
fxe5 fxe5 23. Rxc8 Nxc8 24. Rxf8+ Kxf8 25. Bxb4+ Kf7 26. Bd2 g5 27. Nf3 Kf6 28.
Kf2 a5 29. Nexd4 exd4 30. Nxd4 a4 31. e5+ Kxe5 32. Nxe6 Kxe6 33. Bxb7 axb3 34.
axb3 Rb8 35. Bf3 Ne7 36. Be4 Rxb3 37. Kf3 Nd5 38. h4 gxh4 39. gxh4 h5 40. Bg5
Nf6 41. Bg6 Ke5 42. Bf4+ Ke6 43. Bg5 1/2-1/2

[Event "SC Siegburg 1 - SV Letmathe 1"]
[Site "Oberliga NRW 2021/2022"]
[Date "2022.05.08"]
[Round "9.6"]
[White "Albrecht, Oliver"]
[Black "Schaar, Axel"]
[Result "1-0"]
[WhiteElo "2158"]
[BlackElo "1852"]
[PlyCount "83"]
[EventDate "2022.??.??"]
[SourceVersionDate "2020.03.16"]
[WhiteTeam "SC Siegburg 1"]
[BlackTeam "SV Letmathe 1"]

1. d4 f5 2. g3 Nf6 3. Bg2 e6 4. Nf3 Be7 5. O-O O-O 6. c4 d6 7. Nc3 Qe8 8. Re1
Qg6 9. e4 Nxe4 10. Nxe4 fxe4 11. Rxe4 Nc6 12. Qe2 Bf6 13. Bd2 e5 14. dxe5 Nxe5
15. Nxe5 Bxe5 16. Bc3 Bxc3 17. bxc3 Bf5 18. Re7 Bd3 19. Bd5+ Kh8 20. Qe3 c6 21.
Be4 Bxe4 22. Rxe4 Rae8 23. Rxe8 Qxe8 24. Qd3 Qe7 25. Rd1 Rf6 26. h4 Kg8 27. Rd2
Re6 28. Kg2 Qf6 29. Qd4 b6 30. Qd3 Qg6 31. Qf3 Qe4 32. Qxe4 Rxe4 33. Rxd6 Rxc4
34. Rd8+ Kf7 35. Rd7+ Kf6 36. Rxa7 Rxc3 37. a4 h6 38. Ra6 Ke5 39. Rxb6 Kd5 40.
Rb7 g5 41. hxg5 hxg5 42. Rg7 1-0

[Event "SC Siegburg 1 - SV Letmathe 1"]
[Site "Oberliga NRW 2021/2022"]
[Date "2022.05.08"]
[Round "9.7"]
[White "Heeke, Guido"]
[Black "Kolkin, Michail"]
[Result "1/2-1/2"]
[WhiteElo "1857"]
[BlackElo "2319"]
[PlyCount "70"]
[EventDate "2022.??.??"]
[SourceVersionDate "2020.03.16"]
[WhiteTeam "SV Letmathe 1"]
[BlackTeam "SC Siegburg 1"]

1. c4 e6 2. d4 d5 3. Nc3 f5 4. Nf3 Nf6 5. Bf4 Bd6 6. Bxd6 Qxd6 7. Qb3 O-O 8. e3
c6 9. Bd3 Kh8 10. Ne5 Ne4 11. f3 Nc5 12. Qc2 Nbd7 13. f4 Nxe5 14. dxe5 Nxd3+
15. Qxd3 Qc5 16. cxd5 exd5 17. Qd4 Qxd4 18. exd4 Bd7 19. O-O Kg8 20. Rf3 Kf7
21. Rc1 Rac8 22. Ne2 b6 23. Rfc3 h6 24. h4 Rg8 25. Rg3 Be8 26. Kf2 Ke7 27. Nc3
Kd7 28. Nd1 Bf7 29. Ke1 g6 30. Kd2 Rc7 31. Nf2 h5 32. Rgc3 Rgc8 33. Nd3 Be8 34.
Nb4 Bf7 35. Na6 Rb7 1/2-1/2

[Event "SC Siegburg 1 - SV Letmathe 1"]
[Site "Oberliga NRW 2021/2022"]
[Date "2022.05.08"]
[Round "9.8"]
[White "Breest, Axel"]
[Black "Atasoy, Tarik"]
[Result "1/2-1/2"]
[WhiteElo "1932"]
[BlackElo "1766"]
[PlyCount "81"]
[EventDate "2022.??.??"]
[SourceVersionDate "2020.03.16"]
[WhiteTeam "SC Siegburg 1"]
[BlackTeam "SV Letmathe 1"]

1. e4 c5 2. Nc3 Nc6 3. f4 d6 4. Nf3 Nf6 5. Bc4 e6 6. Bb3 Be7 7. O-O O-O 8. d3
a6 9. a4 b6 10. Qe1 d5 11. e5 Ne8 12. f5 exf5 13. Nxd5 Be6 14. Nxe7+ Nxe7 15.
Bxe6 fxe6 16. Bg5 Qd7 17. Bxe7 Qxe7 18. Qf2 Rd8 19. Rfe1 Nc7 20. Nd2 Nd5 21.
Nc4 f4 22. Re4 Qg5 23. Qf3 b5 24. axb5 axb5 25. Nd6 Ra8 26. Rxa8 Rxa8 27. Qh3
Ra1+ 28. Kf2 Nc7 29. Nxb5 Nxb5 30. Qxe6+ Kf8 31. Qc8+ Kf7 32. Qd7+ Kg6 33. Qe6+
Kh5 34. Qf7+ Kh6 35. Rxf4 Ra7 36. Qe6+ g6 37. g3 Qe7 38. Qh3+ Kg7 39. e6 Qg5
40. Rf7+ Rxf7+ 41. exf7 1/2-1/2

[Event "Bochumer SV 1 - SF Essen-Katernberg  1"]
[Site "Oberliga NRW 2021/2022"]
[Date "2022.05.08"]
[Round "9.1"]
[White "Tomic, Bosko"]
[Black "Zatonskih, Anna"]
[Result "1-0"]
[WhiteElo "2382"]
[BlackElo "2425"]
[PlyCount "63"]
[EventDate "2022.??.??"]
[SourceVersionDate "2020.03.16"]
[WhiteTeam "SF Essen-Katernberg  1"]
[BlackTeam "Bochumer SV 1"]

1. e4 e6 2. d4 d5 3. Nd2 c5 4. Ngf3 Nc6 5. exd5 exd5 6. Bb5 Qe7+ 7. Be2 Qc7 8.
O-O Nf6 9. c4 Nxd4 10. Nxd4 cxd4 11. cxd5 Nxd5 12. Nf3 Bc5 13. Bb5+ Bd7 14.
Re1+ Ne7 15. Bxd7+ Qxd7 16. Ne5 Qb5 17. a4 Qa6 18. Nxf7 O-O 19. Ne5 Qe6 20. Nd3
Qc6 21. Bg5 Nf5 22. Rc1 b6 23. Qb3+ Kh8 24. Ne5 Qe8 25. Qd5 Qh5 26. h4 Bb4 27.
g4 Qe8 28. gxf5 Bxe1 29. Rxe1 Rxf5 30. Nf7+ Rxf7 31. Rxe8+ Rxe8 32. Qxf7 1-0

[Event "Bochumer SV 1 - SF Essen-Katernberg  1"]
[Site "Oberliga NRW 2021/2022"]
[Date "2022.05.08"]
[Round "9.2"]
[White "Illner, Achim"]
[Black "Kueppers, Timo"]
[Result "0-1"]
[WhiteElo "2447"]
[BlackElo "2287"]
[Annotator "daniel"]
[PlyCount "64"]
[EventDate "2022.??.??"]
[SourceVersionDate "2020.03.16"]
[WhiteTeam "Bochumer SV 1"]
[BlackTeam "SF Essen-Katernberg  1"]

1. d4 Nf6 2. Nf3 e6 3. c4 Bb4+ 4. Bd2 Bxd2+ 5. Qxd2 d5 6. Nc3 O-O 7. e3 Qe7 8.
Rc1 Nbd7 9. cxd5 exd5 10. Bd3 c6 11. Qc2 Re8 12. O-O Ne4 13. Bxe4 dxe4 14. Nd2
Nf6 15. Nc4 Bf5 16. a3 Rad8 17. b4 Nd5 18. f4 h5 19. Nxd5 cxd5 20. Na5 Rc8 21.
Qb3 Qd7 22. b5 Bg4 23. Kf2 Rc7 24. b6 $11 axb6 25. Qxb6 Rec8 26. Nb3 Rc2+ 27.
Kg1 Bh3 28. Rxc2 Rxc2 29. Rf2 Qg4 30. Qd8+ Kh7 31. Qg5 Qd1+ 32. Rf1 Qe2 0-1

[Event "Bochumer SV 1 - SF Essen-Katernberg  1"]
[Site "Oberliga NRW 2021/2022"]
[Date "2022.05.08"]
[Round "9.3"]
[White "Rosen, Bernd"]
[Black "Friedmann, Rafael"]
[Result "1/2-1/2"]
[WhiteElo "2278"]
[BlackElo "2382"]
[PlyCount "34"]
[EventDate "2022.??.??"]
[SourceVersionDate "2020.03.16"]
[WhiteTeam "SF Essen-Katernberg  1"]
[BlackTeam "Bochumer SV 1"]

1. c4 c5 2. g3 g6 3. Bg2 Bg7 4. Nc3 Nc6 5. Nf3 e5 6. O-O Nge7 7. Ne1 O-O 8. Nc2
Rb8 9. a3 d6 10. b4 b6 11. Rb1 Bb7 12. Ne3 Nd4 13. Ned5 Nxd5 14. Nxd5 Qd7 15.
d3 Ne6 16. Bb2 Nc7 17. e4 Nxd5 1/2-1/2

[Event "Bochumer SV 1 - SF Essen-Katernberg  1"]
[Site "Oberliga NRW 2021/2022"]
[Date "2022.05.08"]
[Round "9.5"]
[White "Schimnatkowski, Lukas"]
[Black "Heinbuch, Detlef Ulrich"]
[Result "1-0"]
[WhiteElo "2214"]
[BlackElo "2181"]
[Annotator "daniel"]
[PlyCount "77"]
[EventDate "2022.??.??"]
[SourceVersionDate "2020.03.16"]
[WhiteTeam "SF Essen-Katernberg  1"]
[BlackTeam "Bochumer SV 1"]

1. e4 c5 2. Nc3 Nc6 3. Bb5 Nd4 4. Bc4 e6 5. Nge2 Ne7 6. Nxd4 cxd4 7. Ne2 Nc6 8.
d3 g6 9. O-O Bg7 10. a3 O-O 11. Bb3 d6 12. f4 f5 13. exf5 gxf5 14. Ng3 Bd7 15.
Bd2 Qb6 16. Nh5 Rf7 17. Rf3 Kh8 18. Be1 Ne7 19. Nxg7 Rxg7 20. Bh4 Ng8 21. Rg3
Rg6 $11 22. Qh5 Kg7 23. Re1 Re8 24. Rg5 a5 25. a4 Qc7 26. g4 fxg4 27. f5 exf5
28. Bxg8 Rxe1+ 29. Bxe1 Kxg8 30. Rxg6+ hxg6 31. Qxg6+ Kf8 32. Bg3 Ke7 33. Bh4+
Kf8 34. Qf6+ Kg8 35. Qg5+ Kf7 36. Qe7+ Kg6 37. Qf6+ Kh7 38. Qf7+ Kh6 39. Bf6
1-0

[Event "Bochumer SV 1 - SF Essen-Katernberg  1"]
[Site "Oberliga NRW 2021/2022"]
[Date "2022.05.08"]
[Round "9.6"]
[White "Pewny, Uwe"]
[Black "Bee, Marcus"]
[Result "1-0"]
[WhiteElo "2182"]
[BlackElo "2190"]
[PlyCount "89"]
[EventDate "2022.??.??"]
[SourceVersionDate "2020.03.16"]
[WhiteTeam "Bochumer SV 1"]
[BlackTeam "SF Essen-Katernberg  1"]

1. e4 g6 2. d4 Bg7 3. c4 d6 4. Nc3 e5 5. Nge2 Nc6 6. Be3 Nh6 7. f3 f5 8. d5 Ne7
9. Qd2 Nf7 10. O-O-O O-O 11. Kb1 Bd7 12. Nc1 c5 13. dxc6 Bxc6 14. Bd3 b6 15.
Bc2 Rc8 16. Bb3 Qc7 17. Nd3 Qb7 18. Nb4 fxe4 19. Nxc6 Nxc6 20. Nxe4 Nd4 21. h4
b5 22. Bxd4 bxc4 23. Bxc4 Rxc4 24. Bc3 Rfc8 25. Qd5 Qxd5 26. Rxd5 Bf8 27. h5
Be7 28. hxg6 hxg6 29. a3 Kg7 30. Rhd1 R8c6 31. Bb4 Rc2 32. R1d3 Rb6 33. Rd2
Rxd2 34. Bxd2 Rc6 35. Be3 a6 36. b4 Nd8 37. Kb2 Kf7 38. Rd1 Ke6 39. Nc3 Bf6 40.
Kb3 Rc8 41. Nd5 Bg7 42. Bb6 Nc6 43. Nc7+ Kd7 44. Nxa6 Ne7 45. Bc5 1-0

[Event "Bochumer SV 1 - SF Essen-Katernberg  1"]
[Site "Oberliga NRW 2021/2022"]
[Date "2022.05.08"]
[Round "9.7"]
[White "Gruenter, Martin"]
[Black "Kraemer, Matthias"]
[Result "1/2-1/2"]
[WhiteElo "2155"]
[BlackElo "2199"]
[PlyCount "51"]
[EventDate "2022.??.??"]
[SourceVersionDate "2020.03.16"]
[WhiteTeam "SF Essen-Katernberg  1"]
[BlackTeam "Bochumer SV 1"]

1. e4 c5 2. c3 d5 3. exd5 Nf6 4. d4 Nxd5 5. dxc5 e6 6. b4 a5 7. Qb3 axb4 8.
cxb4 Nc6 9. Bb5 Qh4 10. Bd2 Be7 11. Nf3 Qe4+ 12. Kf1 Bd7 13. Bd3 Nd4 14. Qc4
Qxd3+ 15. Qxd3 Bb5 16. Qxb5+ Nxb5 17. a4 b6 18. cxb6 O-O 19. b7 Ra7 20. Ke2 Bf6
21. Ra2 Nd6 22. Rc1 Rxb7 23. b5 Ra8 24. Nc3 Bxc3 25. Bxc3 Nxb5 26. Bd2 1/2-1/2

[Event "SV Wattenscheid 1 - SV Erkenschwick 1"]
[Site "Oberliga NRW 2021/2022"]
[Date "2022.05.08"]
[Round "9.1"]
[White "Jens, Jelmer"]
[Black "Koscielski, Janusz"]
[Result "1/2-1/2"]
[WhiteElo "2404"]
[BlackElo "2226"]
[PlyCount "28"]
[EventDate "2022.??.??"]
[SourceVersionDate "2020.03.16"]
[WhiteTeam "SV Erkenschwick 1"]
[BlackTeam "SV Wattenscheid 1"]

1. e4 c6 2. Nf3 d5 3. Nc3 Bg4 4. h3 Bxf3 5. Qxf3 e6 6. Be2 Nf6 7. O-O Be7 8. d3
O-O 9. Qg3 Kh8 10. Kh1 c5 11. Bf4 Nc6 12. Rae1 a6 13. Bd1 b5 14. Nb1 Rc8
1/2-1/2

[Event "SV Wattenscheid 1 - SV Erkenschwick 1"]
[Site "Oberliga NRW 2021/2022"]
[Date "2022.05.08"]
[Round "9.2"]
[White "Schiffer, Kai-Uwe"]
[Black "Erwich, Frank"]
[Result "1/2-1/2"]
[WhiteElo "2263"]
[BlackElo "2397"]
[PlyCount "123"]
[EventDate "2022.??.??"]
[SourceVersionDate "2020.03.16"]
[WhiteTeam "SV Wattenscheid 1"]
[BlackTeam "SV Erkenschwick 1"]

1. e4 e5 2. Nf3 Nc6 3. Bc4 Nf6 4. d4 exd4 5. e5 Ng4 6. O-O d6 7. exd6 Bxd6 8.
Re1+ Kf8 9. Nbd2 Bf5 10. h3 Nge5 11. Nxe5 Nxe5 12. Bb3 Qf6 13. Nf3 Re8 14. Bd2
Bd7 15. Ng5 h6 16. Ne4 Qg6 17. Bd5 Bxh3 18. Nxd6 Qxd6 19. Bxb7 Bg4 20. f3 Bd7
21. Bf4 f6 22. Re4 c5 23. c4 Bf5 24. Re1 Kf7 25. b4 Re7 26. Bd5+ Be6 27. Bxe5
fxe5 28. bxc5 Qc7 29. Qd3 g6 30. c6 Kg7 31. Rab1 Bf5 32. Be4 Qxc6 33. Qxd4 exd4
34. Bxc6 Rc7 35. Be4 Rd8 36. Bxf5 gxf5 37. Red1 Kf6 38. Rb4 Ke5 39. Kf2 d3 40.
Ke3 f4+ 41. Kd2 Rg7 42. Re1+ Kf6 43. Rg1 Re7 44. Re1 Rg7 45. Rg1 Rd4 46. a3 Re7
47. Re1 Rg7 48. Rg1 Ke5 49. Rb5+ Ke6 50. Rb3 Kd6 51. Rxd3 Kc5 52. Kc3 Rxc4+ 53.
Kd2 Rb7 54. Rc3 Rb2+ 55. Kd3 Rxc3+ 56. Kxc3 Ra2 57. Kb3 Rf2 58. Rh1 Rxg2 59.
Rh4 Kd4 60. Rxf4+ Ke3 61. Rf7 h5 62. Rxa7 1/2-1/2

[Event "SV Wattenscheid 1 - SV Erkenschwick 1"]
[Site "Oberliga NRW 2021/2022"]
[Date "2022.05.08"]
[Round "9.3"]
[White "De Vreugt, Dennis"]
[Black "Straeter, Timo"]
[Result "1-0"]
[WhiteElo "2326"]
[BlackElo "2275"]
[PlyCount "89"]
[EventDate "2022.??.??"]
[SourceVersionDate "2020.03.16"]
[WhiteTeam "SV Erkenschwick 1"]
[BlackTeam "SV Wattenscheid 1"]

1. e4 e5 2. Nf3 Nc6 3. Bb5 a6 4. Ba4 d6 5. c3 Bd7 6. O-O Nge7 7. d4 Ng6 8. Re1
Be7 9. Nbd2 h6 10. d5 Nb8 11. Bc2 Bg5 12. Nxg5 Qxg5 13. Nc4 Qf6 14. b4 O-O 15.
g3 Ne7 16. Qh5 b5 17. Ne3 a5 18. bxa5 Rxa5 19. c4 b4 20. Bd2 c5 21. a3 Rxa3 22.
Rxa3 bxa3 23. Ra1 Na6 24. Rxa3 Bc8 25. Ba5 Bd7 26. Bc3 Nb4 27. Ra7 Nxc2 28.
Nxc2 Bc8 29. f4 Ng6 30. f5 Nh8 31. Ba5 Kh7 32. Ne3 g6 33. Ng4 Qg7 34. Qh4 gxf5
35. Nf6+ Kg6 36. Nh5 Qg8 37. exf5+ Kxf5 38. Qf6+ Ke4 39. Ng7 Qh7 40. Bc7 Qg6
41. Qf1 Qg5 42. Ra3 Qd2 43. Ba5 Qc2 44. Qe1+ Kd4 45. Rc3 1-0

[Event "SV Wattenscheid 1 - SV Erkenschwick 1"]
[Site "Oberliga NRW 2021/2022"]
[Date "2022.05.08"]
[Round "9.4"]
[White "Wengenroth, Walter"]
[Black "Jonkman, Harmen"]
[Result "1/2-1/2"]
[WhiteElo "2224"]
[BlackElo "2383"]
[PlyCount "37"]
[EventDate "2022.??.??"]
[SourceVersionDate "2020.03.16"]
[WhiteTeam "SV Wattenscheid 1"]
[BlackTeam "SV Erkenschwick 1"]

1. e4 e5 2. Nf3 Nc6 3. d4 exd4 4. Nxd4 Bc5 5. Nxc6 Qf6 6. Qf3 dxc6 7. Bc4 Be6
8. Qxf6 Nxf6 9. Bxe6 fxe6 10. f3 O-O-O 11. Nd2 h6 12. Nb3 Bd6 13. Be3 g5 14.
Nd2 c5 15. Nc4 Nd7 16. O-O-O Bf4 17. Bxf4 gxf4 18. a4 Rhg8 19. g4 1/2-1/2

[Event "SV Wattenscheid 1 - SV Erkenschwick 1"]
[Site "Oberliga NRW 2021/2022"]
[Date "2022.05.08"]
[Round "9.5"]
[White "Van Beek, Alexander"]
[Black "Sandkamp, Ralph"]
[Result "1/2-1/2"]
[WhiteElo "2297"]
[BlackElo "2190"]
[PlyCount "124"]
[EventDate "2022.??.??"]
[SourceVersionDate "2020.03.16"]
[WhiteTeam "SV Erkenschwick 1"]
[BlackTeam "SV Wattenscheid 1"]

1. e4 c5 2. Nf3 g6 3. c3 Bg7 4. d4 cxd4 5. cxd4 d5 6. e5 Nc6 7. Bb5 Bd7 8. Nc3
a6 9. Ba4 b5 10. Bb3 e6 11. h4 h5 12. O-O Nge7 13. Bg5 Qb6 14. Bc2 Rc8 15. Ne2
Nf5 16. Rc1 O-O 17. Qd2 Qa5 18. Qxa5 Nxa5 19. Nf4 Nh6 20. Nd3 Nb7 21. b4 Nf5
22. Nc5 Nxc5 23. dxc5 Bc6 24. Rfe1 Rfe8 25. Rcd1 Bb7 26. a4 bxa4 27. Bxa4 Bc6
28. Ra1 Bf8 29. Ra2 Be7 30. Rea1 Bxg5 31. hxg5 Bxa4 32. Rxa4 Rb8 33. Ne1 Nd4
34. Nd3 Nc6 35. Kf1 Rb5 36. Rxa6 Nxb4 37. Rb6 Rxb6 38. cxb6 Nxd3 39. b7 Nc5 40.
Ra8 Nxb7 41. Rxe8+ Kg7 42. Ke2 Nc5 43. f3 Nd7 44. f4 Nc5 45. Kf3 Ne4 46. g4
hxg4+ 47. Kxg4 Nd2 48. Ra8 Ne4 49. Kf3 Nd2+ 50. Ke3 Ne4 51. Kd3 Ng3 52. Kc2 Ne2
53. Ra4 d4 54. Kd2 Nxf4 55. Rxd4 Nd5 56. Kd3 Kf8 57. Kc4 Ke7 58. Kc5 Ne3 59.
Kc6 Nf5 60. Ra4 Ke8 61. Rb4 Ne7+ 62. Kd6 Nf5+ 1/2-1/2

[Event "SV Wattenscheid 1 - SV Erkenschwick 1"]
[Site "Oberliga NRW 2021/2022"]
[Date "2022.05.08"]
[Round "9.6"]
[White "Thiel, Thomas"]
[Black "Homs, Guust"]
[Result "1-0"]
[WhiteElo "2223"]
[BlackElo "2130"]
[PlyCount "61"]
[EventDate "2022.??.??"]
[SourceVersionDate "2020.03.16"]
[WhiteTeam "SV Wattenscheid 1"]
[BlackTeam "SV Erkenschwick 1"]

1. e4 e5 2. Nf3 Nc6 3. d4 exd4 4. Nxd4 Nf6 5. Nxc6 bxc6 6. Qe2 Bb4+ 7. c3 Bc5
8. e5 Nd5 9. c4 Bb4+ 10. Bd2 Bxd2+ 11. Nxd2 Nf4 12. Qe3 Ne6 13. f4 Qe7 14.
O-O-O f5 15. Bd3 O-O 16. h3 Rb8 17. g4 Qb4 18. Nb3 c5 19. gxf5 Nd4 20. f6 Ba6
21. Qe4 g6 22. Rhg1 Bxc4 23. Rxg6+ Kf7 24. Rg7+ Ke8 25. Re7+ Kd8 26. Qxh7 Kc8
27. Rxd7 Rb7 28. Qe7 Rh8 29. f7 Bxf7 30. Rd8+ Rxd8 31. Bf5+ 1-0

[Event "SV Wattenscheid 1 - SV Erkenschwick 1"]
[Site "Oberliga NRW 2021/2022"]
[Date "2022.05.08"]
[Round "9.7"]
[White "Krings, Christoph"]
[Black "Kaehmann, Joerg"]
[Result "1/2-1/2"]
[WhiteElo "2117"]
[BlackElo "2127"]
[PlyCount "47"]
[EventDate "2022.??.??"]
[SourceVersionDate "2020.03.16"]
[WhiteTeam "SV Erkenschwick 1"]
[BlackTeam "SV Wattenscheid 1"]

1. d4 Nf6 2. Nf3 e6 3. g3 d5 4. Bg2 Be7 5. O-O O-O 6. c4 b6 7. Nc3 Bb7 8. Ne5
Qc8 9. cxd5 exd5 10. Bg5 Qe6 11. e3 h6 12. Bxf6 Bxf6 13. Nf3 Nd7 14. Re1 c5 15.
Nd2 Rac8 16. Qh5 Rfd8 17. Nxd5 g6 18. Nxf6+ Qxf6 19. Qxh6 Bxg2 20. Kxg2 cxd4
21. exd4 Qxd4 22. Ne4 Qxb2 23. Rad1 Nf6 24. Rxd8+ 1/2-1/2

[Event "SV Wattenscheid 1 - SV Erkenschwick 1"]
[Site "Oberliga NRW 2021/2022"]
[Date "2022.05.08"]
[Round "9.8"]
[White "Schmedders, Hans-Gerd"]
[Black "Eggenstein, Frank"]
[Result "1/2-1/2"]
[WhiteElo "2099"]
[BlackElo "1972"]
[PlyCount "65"]
[EventDate "2022.??.??"]
[SourceVersionDate "2020.03.16"]
[WhiteTeam "SV Wattenscheid 1"]
[BlackTeam "SV Erkenschwick 1"]

1. e4 d5 2. d3 d4 3. f4 Nc6 4. Nf3 Bg4 5. Be2 Bxf3 6. Bxf3 e6 7. Nd2 Nf6 8. O-O
Be7 9. Nc4 Nd7 10. e5 Nb6 11. Nxb6 cxb6 12. Be4 g6 13. c4 Qd7 14. a3 a6 15. Bd2
O-O 16. Qg4 Kh8 17. Rae1 Rg8 18. Re2 b5 19. cxb5 axb5 20. Be1 b4 21. axb4 Nxb4
22. Bh4 Bxh4 23. Qxh4 Rgc8 24. Qh6 Rc2 25. Rxc2 Nxc2 26. Rf3 Rg8 27. h4 Ne3 28.
h5 Qa4 29. Qg5 Qd1+ 30. Kh2 gxh5 31. Qf6+ Rg7 32. Qd8+ Rg8 33. Qf6+ 1/2-1/2